Muzyčne vychovannja z metodykoju dlja 4 klasu seredn'oji pedahohičnoji školy : učebnica pre 4. ročník skupín študijných odborov 76-40-6 učiteľstvo pre materské školy /

Další autoři: Podhorná, Anna
Jazyk: Ukrajinština
Vydáno: Bratislava : Slovenské pedagogické nakladateľstvo, 1990
Vydání: 1. vyd.
Témata:
Fyzický popis: 229 s.
Knihy
Uloženo v:
LEADER 01232nam a22003012a 4500
001 000936825
003 CZ BrMZK
005 20090423110621.0
007 ta
008 090423s1990 xo er|||||||||||ukr d
040 |a BOA001  |b cze 
041 1 |a ukr  |h slo 
080 9 |a 372.878(075.3) 
080 9 |a 377.5=83 
080 9 |a 372.878(076) 
245 0 0 |a Muzyčne vychovannja z metodykoju dlja 4 klasu seredn'oji pedahohičnoji školy :  |b učebnica pre 4. ročník skupín študijných odborov 76-40-6 učiteľstvo pre materské školy /  |c avt. Anna Podhorna ... [et al.] 
246 1 4 |a Muzyčne vychovannja 4 z metodykoju dlja 4 klasu seredn'oji pedahohičnoji školy 
250 |a 1. vyd. 
260 |a Bratislava :  |b Slovenské pedagogické nakladateľstvo,  |c 1990 
300 |a 229 s. 
500 |a Přeloženo ze slovenštiny 
700 1 |a Podhorná, Anna  |7 jx20041202015  |4 aut 
765 0 |t Hudobná výchova s metodikou pre 4. ročník strednej pedagogickej školy  |9 Ukrajinsky 
910 |a BOA001  |b PK-0116.510 
964 |a Hudební výchova - učebnice - ukrajinské střední pedagogické školy 
990 |a BK 
991 |b 200904 
996 6 |b BC-689209  |c PK-0116.510  |l MZK  |r Sklad / do 1 hodiny  |n 0  |w 000936825  |u 000010  |a 1  |e BOA001  |j MZK50  |s P